00677nam a2200193Ia 4500008004100000020001300041082001500054100002300069245012200092250000700214260003600221300002500257500001900282600002700301650002000328942000700348952011300355999001500468240925s9999 xx 000 0 und d a70990093 a515.63 SPI aSpiegel, Murray R. 0aSchaum's Outline of Theory and Problems of Vector Analysis: and an introduction to tensor analysis SI(metric) edition aNA aNew York:bMc Graw HIllc,1981. ax,429p.bNAfPirated aIncludes Index aEngineering Technology aNatural Science cBK 001040708ETaUITUbUITUd2001-10-30eDonation l0o515.63 SPIpQ4090r2024-09-25 07:13:23w2024-09-25yBK c6589d6589